Autonomic nervous system and resistance of cardiovascular function under emotional stress: effect of chemical factors

Bibliographic Details
Main Author: Gorbunova, A.V (Author)
Corporate Author: Symposium on Catecholamines and other Neurotransmitters in Stress (Author)
Format: Conference Proceeding Article
Language:Slovak
English
ISSN:1210-0668; 1336-0329
Subjects:

MARC

LEADER 00000nab a2200000 a 4500
001 vtls000853405
003 SK-MaSNL
005 20260304130916.0
008 250429c2003 xo 0 slo
015 |a SNBRB2003/11-34119 
035 |a CLN000205060 
035 |a (urnnbn)urn:nbn:sk:snk:ar-0064bs 
035 |a (uuid)6b0510dd-9850-4477-80a5-86884b6997b3 
035 |a urn:nbn:sk:snk-ab82gu 
040 |a SNKBUCL  |b slo  |c SNKBUCL  |e AACR2 
041 0 |a eng 
044 |a xo  |c SK 
080 |a 616.12:616.839:159.91:061.3  |2 1997 
100 1 |a Gorbunova, A.V.  |4 aut  |9 1443071 
245 1 0 |a Autonomic nervous system and resistance of cardiovascular function under emotional stress: effect of chemical factors  |c A.V. Gorbunova 
650 0 7 |a choroby autonómneho nervového systému  |x komplikácie  |x diagnostika  |x etiológia  |2 MESH  |9 1443072 
650 0 7 |a choroby kardiovaskulárne  |x komplikácie  |x diagnostika  |x etiológia  |2 MESH  |9 1443073 
650 0 7 |a stres psychologický  |x komplikácie  |x etiológia  |x genetika  |2 MESH  |9 1438676 
650 0 7 |a genetika  |2 MESH  |9 698 
650 0 7 |a biogénne amíny  |2 MESH  |9 99212 
650 0 7 |a mozog  |x enzymológia  |2 MESH  |9 1443074 
650 0 7 |a abstrakty z kongresu  |2 MESH  |9 168204 
650 0 7 |a krvný tlak  |2 MESH  |9 83013 
655 7 |a články z novín a časopisov  |2 snkbucl  |9 267496 
711 1 |a Symposium on Catecholamines and other Neurotransmitters in Stress  |n (8. :  |d 2003 :  |c Smolenice, Slovensko)  |4 aut  |9 93433 
773 0 |t Endocrine regulations  |g Vol. 37, no. 2 (2003), s. 101  |x 1210-0668; 1336-0329 
850 |a Slovenská národná knižnica 
852 |a Slovenská národná knižnica 
958 |a article9 
958 |a MI 
958 |a RBX 
958 |a OND 
958 |a EUIPO 
999 |c 2895828  |d 2897758